000 00551nam a2200181Ia 4500
008 100920s9999 xx 000 0 und d
082 _b20747
_a891.463.1 थ 69
100 _aफाटक रा.कों.
245 _aक्षमस्व कालिंदी.
260 _b---
_c1969
300 _a129
_bसाधी
365 _b4
520 _aलघुकथा.
630 _aक्षमस्व कालिंदी.
650 _aलघुकथा.
730 _aक्षमस्व कालिंदी.
942 _cBOOK
999 _c681139
_d681136